Paroles - Insane Black Gryph0n - Statistiques

Statistiques générales
  • Ce quiz a été pris 10 fois
  • Le résultat moyen est 124 sur 339
Statistiques - réponses
Paroles % Correct
a
100%
I
100%
Hello
67%
it
67%
It's
67%
it's
67%
nice
67%
The
67%
the
67%
you
67%
Alastor
33%
am
33%
among
33%
an
33%
And
33%
angels
33%
arrival
33%
baby
33%
been
33%
belong
33%
beloved
33%
bit
33%
but
33%
But
33%
can
33%
degree
33%
did
33%
do
33%
Does
33%
don't
33%
enjoy
33%
entertainment
33%
equal
33%
feel
33%
fine
33%
for
33%
going
33%
got
33%
have
33%
Haven't
33%
Hell's
33%
here
33%
Hey
33%
high
33%
honey
33%
how
33%
I'm
33%
in
33%
insane
33%
introduce
33%
just
33%
killer
33%
know
33%
latest
33%
little
33%
make
33%
maybe
33%
me
33%
meet
33%
my
33%
Now
33%
now
33%
opportunity
33%
pain
33%
pal
33%
pleasure
33%
promise
33%
school
33%
Sorry
33%
startin'
33%
tell
33%
Tell
33%
that
33%
that's
33%
things
33%
think
33%
to
33%
understand
33%
up
33%
way
33%
We
33%
where
33%
with
33%
your
33%
all
0%
bathe
0%
bleed
0%
Dearly
0%
demons
0%
Departed
0%
Doesn't
0%
early
0%
entertaining
0%
expired
0%
far
0%
fire
0%
first
0%
from
0%
fun
0%
mean
0%
meeting
0%
mine
0%
minute
0%
need
0%
of
0%
old
0%
one
0%
plan
0%
power
0%
question
0%
retire
0%
same
0%
second
0%
since
0%
such
0%
there
0%
time
0%
tiny
0%
together
0%
too
0%
us
0%
used
0%
Wait
0%
were
0%
we're
0%
Weren't
0%
what
0%
Aucun quiz correspondant
Distribution des résultats
% des personnes avec chaque résultat
Percentile par nombre de réponses
Votre historique - résultats
Vous n’avez pas pris ce quiz